| 000 | 00624nam a2200217Ia 4500 | ||
|---|---|---|---|
| 003 | OSt | ||
| 005 | 20250812102712.0 | ||
| 008 | 210210b1964 xxu||||| |||| 00| 0 eng d | ||
| 040 | _cAL | ||
| 041 | _aKannada | ||
| 082 | _a851/387 | ||
| 100 |
_aRAMANAYAKA (B) Ed _dರಾಮನಾಯಕ (ಬಿ) _9235067 |
||
| 245 |
_aVasishta ramayana: sangatya _b ವಸಿಷ್ಠ ರಾಮಾಯಣ: ಸಾಂಗತ್ಯ |
||
| 260 |
_aKasaragod _b- _c1964 |
||
| 650 |
_aVasishta _9235068 |
||
| 650 |
_asangatya _9235069 |
||
| 650 |
_aramayana: _9235070 |
||
| 690 |
_aKannada Poetry _9235071 |
||
| 906 | _a018404 | ||
| 942 |
_2ddc _cBK |
||
| 999 |
_c141835 _d141835 |
||